| 000 | 01499nam a2200337 a 4500 | ||
|---|---|---|---|
| 003 | BLK | ||
| 005 | 20250129115443.0 | ||
| 008 | 202008b bul|||||r ||||||| ||bul|| | ||
| 020 | _a9786190206088 | ||
| 040 | _aBLK | ||
| 041 |
_aBUL _cBUL |
||
| 072 | 7 |
_2bullib _aН83 _xЧужда художествена литература Н |
|
| 080 |
_aКитайска литература _b821.581 _x-31 _z821.581-31 |
||
| 100 |
_aЛиу Цъсин _eпърви автор _9426058 _d1963- |
||
| 139 |
_aЛиу Цъсин _bЛ 69 |
||
| 245 | 1 | 0 |
_aЗемното минало 1. Трите тела _bРоман _cЛиу Цъсин; прев. от кит. Стефан Русинов |
| 257 | _aBGR | ||
| 260 |
_bКолибри _c2020 _9209486 _aСофия _n978-619-02- ; 978-619-150- ; 978-954-150- ; 978-954-529- |
||
| 300 |
_a432 с. _c21 см |
||
| 380 | _aX | ||
| 500 | _aОриг. загл. на кит ез. Пълната форма на името на прев. Стефан Русинов е Стефан Русинов Иванов Биогр. данни за авт. отбелязани на гърба на кор. Ч. 1 от трилогията Земното минало | ||
| 700 |
_aРусинов, Стефан _eпрев. от кит. _9386241 |
||
| 856 | 4 | _qpdf | |
| 856 | 4 | _qpdf | |
| 942 |
_cKNG _n0 _s1 _032 |
||
| 944 |
_aCR _c2020-08-11 _k30576 _lЦветомила Тодорова |
||
| 999 |
_c381139 _d381139 |
||
| 999 | _d381139 | ||
| 999 | _d381139 | ||
| 999 | _d381139 | ||
| 999 | _d381139 | ||